000
00494nam a2200145Ia 4500
008
100122s9999 xx 000 0 und d
082
_b
29893
_a
133.05
100
_a
भट म दा
245
_a
हर्षल-नेपच्यून-प्लूटो
260
_b
जोशी ब्रदर्स
300
_a
259
630
_a
हर्षल-नेपच्यून-प्लूटो
730
_a
हर्षल-नेपच्यून-प्लूटो
942
_c
BOOK
999
_c
414978
_d
414975